Fethullah Gülen'in copları (Record no. 7673)

MARC details
000 -BAŞLIK
Sabit Uzunlukta Kontrol Alanı 00785na a2200277 4500
001 - KONTROL NUMARASI
Denetim Alanı 19846
003 - KONTROL NUMARASI IDENTIFIER
Denetim Alanı MIRAKIL
005 - SON İŞLEM TARİHİ VE ZAMANI
Denetim Alanı 20181213155146.0
008 - SABİT-BOY VERİ ELEMANLARI - GENEL BİLGİLER
Sabit Uzunlukta Kontrol Alanı 161227b tu 000 0
020 ## - ULUSLARARASI STANDART KİTAP NUMARASI
Uluslararası Standart Kitap Numarası 9756709146
035 ## - SİSTEM KONTROL NUMARASI
Sistem Kontrol Numarası 19846
040 ## - KATALOGLAMA KAYNAK
Orijinal Kataloglama Ajansı Milas
Kataloglama Dili tur
Metne Dönüştürmek Ajansı TR-AnCHP
041 ## - DİL KODU
Metin / Ses Parça Veya Ayrı Başlığın Dil Kodu tur
082 ## - DEWEY ONLU SINIFLANDIRMA NUMARASI
Sınıflandırma Numarası 320.9561
Ürün Numarası K45 2001
090 ## - SINIFLAMA NUMARASI
Sınıflama Numarası 320.9561 K45 2001
100 ## - ANA GİRİŞ - KİŞİSEL İSİM
Kişisel Ad Kındıra, Zübeyr
245 ## - BAŞLIK TABLOSU
Başlık Fethullah Gülen'in copları
Sorumluluk Tablosu, Vb Zübeyr Kındıra
250 ## - EDITION TABLOSU
Baskı Beyanı 2. bs.
260 ## - YAYIN, DAĞITIM, VB
Yayın, Dağıtım, Vb Yeri İstanbul
Yayıncı, Dağıtıcı, Vs Adı Su Yayınları
Yayın, Dağıtım, Vb Tarihi 2001
300 ## - FİZİKSEL TANIM
Kapsam 251 s.
Boyutlar 20 sm.
500 ## - GENEL NOT
Genel Not Dizin var.
650 ## - KONU KATMA GİRİŞ - TOPİKAL DÖNEM
Topikal Süreli Veya Coğrafi Ad Giriş Elemanı Gülen cemaati
Genel Alt Bölümü Polis yapılanması
Coğrafi Alt Bölümü Türkiye
650 ## - KONU KATMA GİRİŞ - TOPİKAL DÖNEM
Topikal Süreli Veya Coğrafi Ad Giriş Elemanı Gülen cemaati
Genel Alt Bölümü Örgüt yapısı
Coğrafi Alt Bölümü Türkiye
651 ## - KONU KATMA GİRİŞ - COĞRAFİ ADI
Coğrafi İsim Örgütsel yapılanma
Genel Alt Bölümü Işık evleri
Coğrafi Alt Bölümü Türkiye
942 ## - EKLENDİ GİRİŞ ELEMANLARI (KOHA)
Sınıflandırma Veya Raf Düzeni Kaynak
Koha Öğesi Türü Books
999 ## - SİSTEM KONTROL NUMARALARI (KOHA)
Koha Biblionumber 7673
Koha Biblioitemnumber 7673
Holdings
Kalıcı Konum Mevcut Konum Edinme Tarihi Edinim Kaynak Toplam Check-Out'Lar Tam Çağrı Numarası Barkod Tarih Son Görülme İtibaren Geçerli Fiyatlar Koha Öğesi Türü Tarihi Geçen Teslim Kopya Sayısı
CHP Kütüphanesi CHP Kütüphanesi 12/27/2016 Bağış   320.9561 K45 2001 010861 12/27/2016 12/27/2016 Books    
CHP Kütüphanesi CHP Kütüphanesi 01/25/2017 Bağış 1 320.9561 K45 2001 010862 04/13/2021 01/25/2017 Books 03/30/2021 k.2